Information Behavior in the Digital Age/ (Record no. 199858)

MARC details
000 -LEADER
fixed length control field 00491nam a22001577a 4500
005 - DATE AND TIME OF LATEST TRANSACTION
control field 20231227152125.0
020 ## - INTERNATIONAL STANDARD BOOK NUMBER
International Standard Book Number 9788194739890
Terms of availability 600.00
037 ## - SOURCE OF ACQUISITION
Stock number Sunnvik Books
082 ## - DEWEY DECIMAL CLASSIFICATION NUMBER
Classification number 020
100 ## - MAIN ENTRY--PERSONAL NAME
Personal name N.C Anie
245 ## - TITLE STATEMENT
Title Information Behavior in the Digital Age/
Statement of responsibility, etc By Anie N.C
260 ## - PUBLICATION, DISTRIBUTION, ETC. (IMPRINT)
Place of publication, distribution, etc New Delhi
Name of publisher, distributor, etc Ess Ess Publications
Date of publication, distribution, etc 2022
270 ## - ADDRESS
Address 4831/24, Ansari Road, Daryaganj
City New Delhi
Postal code 110002
300 ## - PHYSICAL DESCRIPTION
Extent 134p.
Dimensions 22cm(Hb)
942 ## - ADDED ENTRY ELEMENTS (KOHA)
Source of classification or shelving scheme Dewey Decimal Classification
Item type English Books
Classification part 020
Call number suffix NCA

No items available.


© Delhi Public Library
Hit Counter
free hit counter